| 000 | 00769nam a2200217 i 4500 | ||
|---|---|---|---|
| 001 | 186897 | ||
| 003 | ES-MaACL | ||
| 005 | 20250823063130.0 | ||
| 008 | 170227s1932 sp |||| | spa d | ||
| 080 | _a929 Mina, Francisco Javier | ||
| 100 | 1 |
_aGuzmán, Martín Luis, _d1887-1976 _961297 |
|
| 245 | 1 | 0 |
_aMina el Mozo, héroe de Navarra / _cpor Martín Luis Guzmán. |
| 250 | _a1ª ed. | ||
| 260 |
_aMadrid : _bEspasa-Calpe, _c1932. |
||
| 300 |
_a287 p., [4] p. de lám. ; _c18 cm. |
||
| 490 | 1 |
_aVidas españolas e hispanoamericanas del siglo XIX ; _v23 |
|
| 600 | 1 | 4 |
_aMina, Francisco Javier ( _d1789-1817) _9151681 |
| 830 | 1 | 0 |
_aVidas españolas e hispanoamericanas del siglo XIX _v23 _9192640 |
| 852 | 4 |
_aES-MaACL _jC-23234 |
|
| 999 |
_c186897 _d186897 |
||